Anagrammes de capitales en énigmes #1 - Statistiques

Statistiques générales
  • Ce quiz a été pris 70 fois
  • Le résultat moyen est 10 sur 45
Statistiques - réponses
Hint Réponse % Correct
La meilleure carte AS
68%
Infusion THE
66%
Ville du Ghana ACCRA
64%
Garçon en anglais BOY
61%
Après Junior SENIOR
61%
De mie, noir, bagnat PAIN
58%
Être sur un petit... NUAGE
56%
Livre cartographié ATLAS
44%
Tondue RASEE
44%
Céréales BLES
39%
Election VOTE
37%
Plus grande ville du 29 BREST
36%
Capitale CARACAS
36%
Véhicules de guerre TANKS
34%
Liquide digestif BILE
22%
Abrégé de numéro NUM
22%
S'hydrata BOIRA
20%
Ensemble UNI
20%
Être à l'_ _ _ _ _ AFFUT
17%
Choc, collision HEURT
17%
Déboîter LUXER
17%
Capitale BRUXELLES
15%
Palpita, Trembla VIBRA
15%
Capitale BRATISLAVA
14%
Capitale BEYROUTH
12%
Capitale BASSETERRE
10%
Capitale PARAMARIBO
10%
Tel un lézard, il _ _ _ _ _ RAMPA
10%
Capitale BUENOS AIRES
8%
Capitale FUNAFUTI
8%
Capitale MONTEVIDEO
8%
Capitale COPENHAGUE
7%
Siphon POCHE
7%
Casse le lien, détache ROMPT
7%
Exploite ABUSE
5%
Capitale TASHKENT
5%
Tordu sur soi même VRILLE
5%
Serrer très fort BROYER
3%
Sur le Nebraska DAKOTA
3%
1er partout DOMINE
3%
Capitale KATMANDOU
3%
Capitale LIBREVILLE
3%
Capitale PORT MORESBY
3%
Mares GOURS
2%
Capitale SINGAPOUR
2%
Aucun quiz correspondant
Distribution des résultats
% des personnes avec chaque résultat
Percentile par nombre de réponses
Votre historique - résultats
Vous n’avez pas pris ce quiz